The medusa and the snail : (Record no. 2585)

MARC details
000 -LEADER
fixed length control field 00870nam a22002897a 4500
001 - CONTROL NUMBER
control field 1807538
003 - CONTROL NUMBER IDENTIFIER
control field OSt
005 - DATE AND TIME OF LATEST TRANSACTION
control field 20260225104232.0
008 - FIXED-LENGTH DATA ELEMENTS--GENERAL INFORMATION
fixed length control field 260225b |||||||| |||| 00| 0 eng d
010 ## - LIBRARY OF CONGRESS CONTROL NUMBER
LC control number 79001199
020 ## - INTERNATIONAL STANDARD BOOK NUMBER
International Standard Book Number 055323398
Terms of availability $8.95
035 ## - SYSTEM CONTROL NUMBER
System control number 1807538
040 ## - CATALOGING SOURCE
Transcribing agency KMU
Language of cataloging eng
Description conventions rda
050 00 - LIBRARY OF CONGRESS CALL NUMBER
Classification number QH 311
Item number .T56 1979
100 1# - MAIN ENTRY--PERSONAL NAME
Personal name Thomas, Lewis,
Dates associated with a name 1913-1993.
245 14 - TITLE STATEMENT
Title The medusa and the snail :
Remainder of title more notes of a biology watcher /
Statement of responsibility, etc. Lewis Thomas.
260 ## - PUBLICATION, DISTRIBUTION, ETC.
Place of publication, distribution, etc. New York :
Name of publisher, distributor, etc. Viking Press,
Date of publication, distribution, etc. 1979.
300 ## - PHYSICAL DESCRIPTION
Extent viii, 150 p. :
Dimensions 18 cm.
336 ## - CONTENT TYPE
Content type term text
Content type code txt
Source rdacontent
337 ## - MEDIA TYPE
Media type term unmediated
Media type code n
Source rdamedia
338 ## - CARRIER TYPE
Carrier type term volume
Carrier type code nc
Source rdacarrier
650 #0 - SUBJECT ADDED ENTRY--TOPICAL TERM
Topical term or geographic name entry element Biology.
650 #0 - SUBJECT ADDED ENTRY--TOPICAL TERM
Topical term or geographic name entry element Medicine.
906 ## - LOCAL DATA ELEMENT F, LDF (RLIN)
a 7
b cbc
c orignew
d 1
e ocip
f 19
g y-gencatlg
942 ## - ADDED ENTRY ELEMENTS (KOHA)
Source of classification or shelving scheme Library of Congress Classification
Koha item type Non-Fiction
Suppress in OPAC No
Holdings
Withdrawn status Lost status Source of classification or shelving scheme Damaged status Not for loan Collection Home library Current library Shelving location Date acquired Source of acquisition Total Checkouts Full call number Barcode Date last seen Price effective from Koha item type
    Library of Congress Classification     Non-fiction Kapasa Makasa University Kapasa Makasa University Open Access 25.02.2026 Donation   QH 311. T56 Tho 301448 25.02.2026 25.02.2026 Non-Fiction